00345nam a2200109Ia 4500008004100000082001500041100003700056245002600093260004700119630001800166650005100184211109s9999||||xx |||||||||||||| ||und|| a516bFIN-C aFine, Henry Burchatd And Thomp,  0aCo- Ordinate Geometry bMacmillan and Co., LimitedaKingstonc1912 xGeneral Stack aTrigonometryvGeometryMathematicsxMathematics